<?xml version="1.0" encoding="UTF-8"?>
<collection xmlns="http://www.loc.gov/MARC21/slim">
 <record>
  <leader>00447nam  2200133#c 4500</leader>
  <controlfield tag="001">LC-11649</controlfield>
  <controlfield tag="003">UMA</controlfield>
  <controlfield tag="005">20230415    212502</controlfield>
  <controlfield tag="008">230415suuuu####   ##########||||#0#spa#d</controlfield>
  <datafield tag="336" ind1=" " ind2=" ">
   <subfield code="a">texto</subfield>
  </datafield>
  <datafield tag="337" ind1=" " ind2=" ">
   <subfield code="a">no mediado</subfield>
  </datafield>
  <datafield tag="338" ind1=" " ind2=" ">
   <subfield code="a">volumen</subfield>
  </datafield>
  <datafield tag="245" ind1=" " ind2=" ">
   <subfield code="a">Vigilancia victorial de triatoma infestans, vector de la enfermedad de chagas, a traves de busqueda activa en el asentamiento sol y sierra Godoy Crua, Mendoza, Argentina</subfield>
  </datafield>
  <datafield tag="100" ind1=" " ind2=" ">
   <subfield code="a">Cárcamo, Noelia Soledad</subfield>
  </datafield>
 </record>
</collection>
